header

The infant's world (Record no. 59737)

MARC details
000 -LEADER
fixed length control field 01310nam a2200337Ia 4500
100 1# - MAIN ENTRY--AUTHOR NAME
Personal name Rochat, Philippe,
245 14 - TITLE STATEMENT
Title The infant's world
250 ## - EDITION STATEMENT
Edition statement 1st Harvard Univ. Press pbk. ed.
260 ## - PUBLICATION, DISTRIBUTION, ETC. (IMPRINT)
Place of publication Cambridge, MA ;
-- London, Eng. :
Name of publisher Harvard University Press,
Year of publication 2004.
300 ## - PHYSICAL DESCRIPTION
Number of Pages ix, 262 p. :
Other physical details ill.
490 1# - SERIES STATEMENT
Series statement The developing child
500 ## - GENERAL NOTE
General note Originally published in hardcover 2001.
650 #0 - SUBJECT ADDED ENTRY--TOPICAL TERM
Topical Term Infant psychology.
Topical Term Infants
856 40 - ELECTRONIC LOCATION AND ACCESS
Uniform Resource Identifier http://site.ebrary.com/lib/rucke/Doc?id=10318401

No items available.

© 2026 Rongo University
Contact us: librarian | system librarian | Rongo university